00479nam a2200193 a 450000100060000000300090000600800410001502000150005604000280007108200160009910000200011524500260013525000060016126000420016730000160020949000250022565000130025065000220026312486CO-ViMGA141112s2004 ck r 000 u spa d a8425505011 aCO-ViMGAbspacCO-ViMGA04a796.6 C53cl1 aClement, Daniel10aCiclismo en Carretera a5 aBarcelona : bHispano Europea, c1988 a176p. : il. acolección Herakles14aCICLISMO14aTECNICA Y TACTICA